| 000 | 01044nam a2200265Ia 4500 | ||
|---|---|---|---|
| 999 |
_c36293 _d36293 |
||
| 001 | 2200 | ||
| 003 | GE_BSU | ||
| 005 | 20221021114214.0 | ||
| 008 | 181216s2005rus xx |||||||||||||| ||rus|| | ||
| 020 | _a9994079646 | ||
| 040 | _cGE_BSU | ||
| 041 | _arus | ||
| 080 | _a94(479.22) М-92 | ||
| 100 |
_aМчедлидзе,Георгии. _915421 |
||
| 245 |
_aГелатская академия наук-история и современность / _cГеоргии Мчедлидзе |
||
| 264 |
_aКутаиси, _c2005. |
||
| 300 | _a192стр.20см. | ||
| 500 | _aПосвящается 90-летию Гелатский акад.наук | ||
| 541 | _h8л. | ||
| 600 | _2издается сблагословения святейщего и блаженейшего Католикос-Патриарха Всея Грузии Илии II | ||
| 653 | _aГелатская академия наук-история и современность | ||
| 653 | _aИстория | ||
| 653 | _aისტორია | ||
| 942 |
_cBK _2udc |
||